000 00366nam a2200109Ia 4500
008 171211s9999 xx 000 0 und d
245 _aCreating Healthy Workplaces: Stress Reduction, Improved Well-being, and Organizational Effectiveness
245 _cCaroline Biron
260 _c2014
650 _xFITNESS
856 _uhttp://down.ebook777.com/061/9781409443100.pdf
999 _c349108
_d349108